Normal view
MARC view
- B.D.Cullity &S.R.St
Entry Personal Name
001 - CONTROL NUMBER
- control field: 53140
003 - CONTROL NUMBER IDENTIFIER
- control field: NUST
005 - DATE AND TIME OF LATEST TRANSACTION
- control field: 20210421115609.0
008 - FIXED-LENGTH DATA ELEMENTS
- fixed length control field: 210421|| aca||aabn | a|a d
040 ## - CATALOGING SOURCE
- Original cataloging agency: NUST
- Transcribing agency: NUST
100 ## - HEADING--PERSONAL NAME
- Personal name: B.D.Cullity &S.R.St
670 ## - SOURCE DATA FOUND
- Source citation: Work cat.: (NUST): B.D.Cullity &S.R.St, Elements of X-Ray Diffraction 3rd, 2001
